Süsses geheimnis : (Record no. 6189)

MARC details
000 -LEADER
fixed length control field 01295nam a22002297a 4500
001 - CONTROL NUMBER
control field 6189
003 - CONTROL NUMBER IDENTIFIER
control field FISKH
005 - DATE AND TIME OF LATEST TRANSACTION
control field 20250325110710.0
008 - FIXED-LENGTH DATA ELEMENTS--GENERAL INFORMATION
fixed length control field 250325b cb ||||| |||| 00| 0 eng d
020 ## - INTERNATIONAL STANDARD BOOK NUMBER
International Standard Book Number 9783442365517
040 ## - CATALOGING SOURCE
Original cataloging agency FISKH
Language of cataloging dut
Transcribing agency FISKH
Modifying agency FISKH
050 ## - LIBRARY OF CONGRESS CALL NUMBER
Classification number PS3563.A7246 S43
082 ## - DEWEY DECIMAL CLASSIFICATION NUMBER
Classification number 813.54
245 ## - TITLE STATEMENT
Title Süsses geheimnis :
Remainder of title Roman /
Statement of responsibility, etc. Kat Martin ; Deutsch von Dinka Mrkowatschki
260 ## - PUBLICATION, DISTRIBUTION, ETC.
Place of publication, distribution, etc. München :
Name of publisher, distributor, etc. Random House,
Date of publication, distribution, etc. 2006.
300 ## - PHYSICAL DESCRIPTION
Extent 413 pages :
Dimensions 19 cm
520 ## - SUMMARY, ETC.
Summary, etc. Fantasy. Fiction. Romance. Thriller. A new beginning was her only wish.... Chance McLain: wildly good-looking, superbly confident, he's everything Kat Rollins doesn't want when she lands in Lost Peak, Montana. "Multi-talented author Kat Martin continues to make a name for herself by producing irresistible novels that blend the eerie and unexplainable with her own uniquely sensual and exciting style." RT Book Reviews Kate may be determined to resist him, but Chance can't ignore the desire he feels for her on the suspicion that somebody wants her to leave Lost Peak. And the promise of a future together is tangled with the ghosts of her past....
650 ## - SUBJECT ADDED ENTRY--TOPICAL TERM
Topical term or geographic name entry element Romantic Suspense
General subdivision Paranormal Series I
Form subdivision Romance
650 ## - SUBJECT ADDED ENTRY--TOPICAL TERM
Topical term or geographic name entry element Montana
Form subdivision Suspense
942 ## - ADDED ENTRY ELEMENTS (KOHA)
Source of classification or shelving scheme Dewey Decimal Classification
Koha item type Books
Suppress in OPAC No
Holdings
Withdrawn status Lost status Source of classification or shelving scheme Damaged status Not for loan Collection Home library Current library Shelving location Date acquired Total Checkouts Full call number Barcode Date last seen Price effective from Koha item type
    Dewey Decimal Classification     Fiction Footprints International School Library Network Toul Kork Campus Footprints International School Library Network Toul Kork Campus A TK Campus, 4th Floor, Room B401, Fiction Bookcases (1-6) 03/25/2025   MAR 813.54 PS3563.A7246 S43 2025-0808 03/25/2025 03/25/2025 Books